000 01078nam a22001937a 4500
005 20260304143345.0
008 260304b |||||||| |||| 00| 0 eng d
020 _a0571202659 (pbk)
040 _cUE-CL
082 _a821.912
_bSa796
100 _aSassoon siegfried
245 _aThe war poems
_c/ Siegfried sassoon
260 _aLondon:
_bFaber and faber
_c1983
300 _axii, 154 P.
505 _aContents Introduction ix Biographical Table xi Absolution 3 The Redeemer 4 To My Brother 6 The Prince of Wounds 7 A Testament 8 To Victory 9 In the Pink 10 The Dragon and the Undying 11 Golgotha 12 A Subaltern 13 A Working Party 14 Stand-to: Good Friday Morning 16 The Kiss 17 France 18 The Last Meeting 19 A Letter Home 24 Before the Battle 27 At Carnoy 28 Died of Wounds 29 A Night Attack 30 To His Dead Body 33 Christ and the Soldier 34 The One-Legged Man 37 The Hero 38 Stretcher Case 39 The Road 40 The Death-Bed 41
546 _aEnglish
650 _aWar--Poems
942 _cBK
999 _c25892
_d25891